Κατάλογος Βιβλιοθηκών Mediterranean College

Σύγχρονα Πληροφοριακά Συστήματα Επιχειρήσεων / ERP - CRM - BPR: Δεύτερη Έκδοση (Record no. 3366)

MARC details
000 -LEADER
fixed length control field 02144cam a22002174a 4500
005 - ΗΜΕΡΟΜΗΝΙΑ ΚΑΙ ΩΡΑ ΤΕΛΕΥΤΑΙΑΣ ΕΝΗΜΕΡΩΣΗΣ
Πεδίο ελέγχου 20250605164113.0
008 - FIXED-LENGTH DATA ELEMENTS--GENERAL INFORMATION
Πεδίο ελέγχου σταθερού μήκους 250528s ||||||||||||||||||||||||d
035 ## - SYSTEM CONTROL NUMBER
System control number 17972
020 ## - ISBN
ISBN 9789925563722
040 ## - ΠΗΓΗ ΚΑΤΑΛΟΓΟΓΡΑΦΗΣΗΣ
Φορέας πρωτότυπης καταλογογράφησης MC Athens Campus Library
Γλώσσα καταλογογράφησης Ελληνικά, Μοντέρνα (1453-)
Modifying agency MC Athens Campus Library
Κανόνες περιγραφικής καταλογογράφησης AACR2
245 1# - ΤΙΤΛΟΣ ΚΑΙ ΔΗΛΩΣΗ ΥΠΕΥΘΥΝΟΤΗΤΑΣ
Τίτλος Σύγχρονα Πληροφοριακά Συστήματα Επιχειρήσεων / ERP - CRM - BPR: Δεύτερη Έκδοση
250 ## - EDITION STATEMENT
Edition statement
260 ## - PUBLICATION, DISTRIBUTION, ETC.
Name of publisher, distributor, etc. Π.Χ. Πασχαλίδης - Broken Hill Publishers Ltd,
Date of publication, distribution, etc. 2019
300 ## - PHYSICAL DESCRIPTION
Extent 720
505 0# - FORMATTED CONTENTS NOTE
Formatted contents note Εισαγωγή, Η Αρχιτεκτονική των Πληροφοριακών Συστημάτων Επιχειρήσεων, Η Λειτουργικότητα των Συστημάτων ERP, Συστήματα Διαχείρισης Πελατειακών Σχέσεων, Ανασχεδιασμός Επιχειρηματικών Διεργασιών, Εισαγωγή στη Διαχείριση Έργων, Η Λειτουργία των Πληροφοριακών Συστημάτων Επιχειρήσεων, Το Υπολογιστικό Νέφος, Το Διαδίκτυο των Αντικειμένων, Εισαγωγή στην Τεχνολογία Blockchain, Απαντήσεις Ερωτήσεων Ανακεφαλαίωσης.
520 ## - SUMMARY, ETC.
Summary, etc. Εισαγωγή, Η Αρχιτεκτονική των Πληροφοριακών Συστημάτων Επιχειρήσεων, Η Λειτουργικότητα των Συστημάτων ERP, Συστήματα Διαχείρισης Πελατειακών Σχέσεων, Ανασχεδιασμός Επιχειρηματικών Διεργασιών, Εισαγωγή στη Διαχείριση Έργων, Η Λειτουργία των Πληροφοριακών Συστημάτων Επιχειρήσεων, Το Υπολογιστικό Νέφος, Το Διαδίκτυο των Αντικειμένων, Εισαγωγή στην Τεχνολογία Blockchain, Απαντήσεις Ερωτήσεων Ανακεφαλαίωσης.
700 1# - ΠΡΟΣΘΕΤΗ ΑΝΑΓΡΑΦΗ--ΦΥΣΙΚΟ ΠΡΟΣΩΠΟ
Personal name Φιτσίλης Πάνος
9 (RLIN) 4280
942 ## - ADDED ENTRY ELEMENTS (KOHA)
Koha item type Books
Holdings
Τύπος τεκμηρίου Βιβλιοθήκη Τρέχουσα τοποθεσία Barcode Αριθμός εισαγωγής Ημερομηνία απόκτησης Ταξιθετικό σύμβολο Αριθμός αντιτύπου Κατάσταση απόσυρσης Κατάσταση χαμένου Κατάσταση κατεστραμμένου Μη δανεισμός Σύνολο δανεισμών Ημερομηνία τελευταίας εμφάνισης Η τιμή ισχύει από
Books MC Athens Campus Library MC Athens Campus Library 9780000033659 7413 05/06/2025 658.4 FIT 1           05/06/2025 05/06/2025

MC Athens Campus Library
Πατησίων 94 & Κοδριγκτώνος 13, 104 34
Πελλήνης 8 & Πατησίων 107, 112 51
Τ: +30 210 8899600

MC Thessaloniki Campus Library
Ίωνος Δραγούμη 21, 54625 | Ίωνος Δραγούμη 15, 54625
Τ: +30 2310 287779 – Τ: +30 2314 440300